000 00437nam a2200181Ia 4500
008 230524s9999 xx 000 0 und d
020 _a8173716056
082 _a5.43
_bHOR
100 _aEllis Horowitz
245 0 _aFundamentals of Data Structures
250 _a1ST
260 _aNEW DELHI
_bGalgotia
_c2003
300 _aVIII;564
500 _aQuantity Number: 55
650 _aComp-Sc
700 _a Sartaj Sahni
942 _cBK
999 _c13026
_d13026